Statistics for Oscar Winning Actors

Click here to take the quiz!

General Stats

  • This quiz has been taken 2,626 times
    (139 since last reset)
  • The average score is 160 of 371

Answer Stats

YearMovieActor/Actress% Correct
2016The RevenantLeonardo DiCaprio
94%
2024OppenheimerCillian Murphy
93%
1995Forrest GumpTom Hanks
90%
1994PhiladelphiaTom Hanks
90%
La La LandEmma Stone
88%
Poor ThingsEmma Stone
88%
The Godfather Part IIRobert De Niro
88%
1981Raging BullRobert De Niro
88%
2008There Will Be BloodDaniel Day Lewis
87%
1990My Left FootDaniel Day Lewis
87%
2013LincolnDaniel Day Lewis
87%
2020JokerJoaquin Phoenix
85%
OppenheimerRobert Downey Jr.
85%
2022King RichardWill Smith
85%
1993Scent of a WomanAl Pacino
84%
1998As Good as it GetsJack Nicholson
84%
Terms of EndearmentJack Nicholson
84%
1976One Flew Over the Cuckoos NestJack Nicholson
84%
1955On the WaterfrontMarlon Brando
84%
1973The GodfatherMarlon Brando
84%
2005RayJamie Foxx
82%
2014Dallas Buyers ClubMatthew McConaughey
82%
2019Bohemian RhapsodyRami Malek
82%
1992The Silence of the LambsAnthony Hopkins
81%
2021The FatherAnthony Hopkins
81%
Once Upon a Time... in HollywoodBrad Pitt
81%
Sophie's ChoiceMeryl Streep
81%
The Iron ladyMeryl Streep
81%
Kramer vs KramerMeryl Streep
81%
GloryDenzel Washington
79%
2002Training DayDenzel Washington
79%
The Dark KnightHeath Ledger
79%
2001GladiatorRussell Crowe
79%
2011The King's SpeechColin Firth
78%
2000American BeautyKevin Spacey
78%
The Usual SuspectsKevin Spacey
78%
2006CapotePhilip Seymour Hoffman
78%
Good Will HuntingRobin Williams
78%
2009MilkSean Penn
78%
2004Mystic RiverSean Penn
78%
2023The WhaleBrendan Fraser
76%
The AccusedJodie Foster
76%
The Silence of the LambsJodie Foster
76%
Black SwanNatalie Portman
76%
2003The PianistAdrien Brody
75%
The FighterChristian Bale
75%
1989Rain ManDustin Hoffman
75%
1980Kramer vs KramerDustin Hoffman
75%
2018The Darkest HourGary Oldman
75%
No Country for Old MenJavier Bardem
73%
Silver Linings PlaybookJennifer Lawrence
73%
The Prime of Miss Jean BrodieMaggie Smith
73%
California SuiteMaggie Smith
73%
2017Manchester by the SeaCasey Affleck
72%
2015The Theory of EverythingEddie Redmayne
72%
Three Billboards Outside Ebbing MissouriFrances McDormand
72%
NomadlandFrances McDormand
72%
FargoFrances McDormand
72%
WhiplashJ.K. Simmons
72%
Vicky Cristina BarcelonaPenelope Cruz
70%
Inglorious BastardsChristoph Waltz
69%
Django UnchainedChristoph Waltz
69%
1988Wall StreetMichael Douglas
69%
Million Dollar BabyMorgan Freeman
69%
1996Leaving Las VegasNicolas Cage
69%
1983GandhiBen Kingsley
67%
2007The Last King of ScotlandForest Whitaker
67%
1982On Golden PondHenry Fonda
67%
Dallas Buyers ClubJared Leto
67%
2010Crazy HeartJeff Bridges
66%
Being ThereMelvyn Douglas
66%
HudMelvyn Douglas
66%
If Beale Street Could TalkRegina King
66%
The Blind SideSandra Bullock
66%
The FugitiveTommy Lee Jones
66%
Blue JasmineCate Blanchett
64%
The AviatorCate Blanchett
64%
ChicagoCatherine Zeta Jones
64%
KluteJane Fonda
64%
Coming HomeJane Fonda
64%
GoodfellasJoe Pesci
64%
Erin BrockovichJulia Roberts
64%
MoonlightMahershala Ali
64%
Green BookMahershala Ali
64%
The Song of BernadetteJennifer Jones
63%
Elmer GantryShirley Jones
63%
Les MiserablesAnne Hathaway
61%
The FavouriteOlivia Colman
61%
1987The Colour of MoneyPaul Newman
61%
Annie HallDiane Keaton
60%
Shakespeare in LoveGwyneth Paltrow
60%
Million Dollar BabyHilary Swank
60%
Boys Don't CryHilary Swank
60%
Everything Everywhere All At OnceMichelle Yeoh
60%
JudyRenee Zellweger
60%
Cold MountainRenee Zellweger
60%
Girl, InterruptedAngelina Jolie
58%
Roman HolidayAudrey Hepburn
58%
RoomBrie Larson
58%
1942Sergeant YorkGary Cooper
58%
1953High NoonGary Cooper
58%
Guess Who's Coming to Dinner?Katharine Hepburn
58%
On Golden PondKatharine Hepburn
58%
Morning GloryKatharine Hepburn
58%
The Lion in the WinterKatharine Hepburn
58%
FencesViola Davis
58%
JezebelBette Davis
57%
DangerousBette Davis
57%
AdaptationChris Cooper
57%
UnforgivenGene Hackman
57%
1972The French ConnectionGene Hackman
57%
The QueenHelen Mirren
57%
Everything Everywhere All At OnceJamie Lee Curtis
57%
The Eyes of Tammy FayeJessica Chastain
57%
MiseryKathy Bates
57%
1948A Double LifeRonald Colman
57%
The Accidental TouristGeena Davis
55%
1997ShineGeoffrey Rush
55%
SyrianaGeorge Clooney
55%
1952The African QueenHumphrey Bogart
55%
The ReaderKate Winslet
55%
MonsterCharlize Theron
54%
MoonstruckCher
54%
1963To Kill a MockingbirdGregory Peck
54%
Monsters BallHalle Berry
54%
As Good as it GetsHelen hunt
54%
1970True GritJohn Wayne
54%
Still AliceJulianne Moore
54%
The Cider House RulesMichael Caine
54%
Hannah and Her SistersMichael Caine
54%
The HoursNicole Kidman
54%
The UntouchablesSean Connery
54%
1941The Philadelphia StoryJames Stewart
52%
2012The ArtistJean Dujardin
52%
Shakespeare in LoveJudi Dench
52%
The Year of Living DangerouslyLinda Hunt
52%
The FighterMelissa Leo
52%
1999Life is BeautifulRoberto Benigni
52%
The Deer HunterChristopher Walken
51%
A Touch of ClassGlenda Jackson
51%
Women in loveGlenda Jackson
51%
Walk the lineReese Witherspoon
51%
1964Lillies of the FieldSidney Poitier
51%
Gone with the WindVivien Leigh
51%
A Streetcar Named DesireVivien Leigh
51%
Little Miss SunshineAlan Arkin
49%
Who's Afraid of Virginia Woolf?Elizabeth Taylor
49%
Butterfield 8Elizabeth Taylor
49%
The PianoHolly Hunter
49%
A Streetcar Named DesireKim Hunter
49%
1949HamletLaurence Olivier
49%
La Vie En RoseMarion Cotillard
49%
1974Save the TigerJack Lemmon
48%
Mister RobertsJack Lemmon
48%
Marriage StoryLaura Dern
48%
Three Billboards Outside Ebbing MissouriSam Rockwell
48%
1960Ben-HurCharlton Heston
46%
Judas and the Black MessiahDaniel Kaluuya
46%
Driving Miss DaisyJessica Tandy
46%
Mary PoppinsJulie Andrews
46%
Everything Everywhere All At OnceKe Huy Quan
46%
1984Tender MerciesRobert Duvall
46%
Mystic RiverTim Robbins
46%
GhostWhoopi Goldberg
46%
1986Kiss of the Spider WomanWilliam Hurt
46%
1935It Happened One NightClark Gable
45%
Jerry MaguireCuba Gooding Jr.
45%
DreamgirlsJennifer Hudson
45%
1991Reversal of FortuneJeremy Irons
45%
CabaretLiza Minnelli
45%
Norma RaeSally Field
45%
Places in the HeartSally Field
45%
1958The Bridge on the River KwaiAlec Guinness
43%
Howard's EndEmma Thompson
43%
1985AmadeusF. Murray Abraham
43%
Murder on the Orient ExpressIngrid Bergman
43%
GaslightIngrid Bergman
43%
AnastasiaIngrid Bergman
43%
A Beautiful MindJennifer Connelly
43%
The HelpOctavia Spencer
43%
Terms of EndearmentShirley Maclaine
43%
NetworkFaye Dunaway
42%
TootsieJessica Lange
42%
Blue SkyJessica Lange
42%
A Fish Called WandaKevin Kline
42%
Dead Man WalkingSusan Sarandon
42%
I,TonyaAllison Janney
40%
1961Elmer GantryBurt Lancaster
40%
The HoldoversDa'Vine Joy Randolph
40%
Alice Doesn't Live Here AnymoreEllen Burstyn
40%
L.A. ConfidentialKim Basinger
40%
My Cousin VinnyMarisa Tomei
40%
1965My Fair ladyRex Harrison
40%
1978The Goodbye GirlRichard Dreyfuss
40%
Coal Miners DaughterSissy Spacek
40%
The PianoAnna Paquin
39%
1979Coming HomeJon Voight
39%
One Flew Over the Cuckoos NestLouise Fletcher
39%
12 Years a SlaveLupita Nyong'o
39%
Bridge of SpiesMark Rylance
39%
Funny GirlBarbra Streisand
37%
TrafficBenicio Del Toro
37%
The Constant GardenerRachel Weisz
37%
1939Boys TownSpencer Tracy
37%
1938Captain CourageousSpencer Tracy
37%
Paper MoonTatum O'Neal
37%
The Danish GirlAlicia Vikander
36%
Prizzi's HonorAnjelica Huston
36%
The Last Picture ShowBen Johnson
36%
1971PattonGeorge C. Scott
36%
The Country GirlGrace Kelly
36%
To Each His OwnOlivia de Havilland
36%
The HeiressOlivia de Havilland
36%
BoyhoodPatricia Arquette
36%
1977NetworkPeter Finch
36%
Michael ClaytonTilda Swinton
36%
The Treasure of the Sierra MadreWalter Huston
36%
None but the Lonely HeartEthel Barrymore
34%
1932A Free SoulLionel Barrymore
34%
1957The King and IYul Brynner
34%
BeginnersChristopher Plummer
33%
City SlickersJack Palance
33%
1943Yankee Doodle DandyJames Cagney
33%
IrisJim Broadbent
33%
PreciousMo'nique
33%
MoonstruckOlympia Dukakis
33%
The Miracle WorkerAnne Bancroft
31%
Lust for lifeAnthony Quinn
31%
Viva Zapata!Anthony Quinn
31%
West Side StoryAriana DeBose
31%
From Here to EternityFrank Sinatra
31%
The English PatientJuliette Binoche
31%
ShampooLee Grant
31%
Ed WoodMartin Landau
31%
Mighty AphroditeMira Sorvino
31%
MinariYoun Yuh-Jung
31%
1956MartyErnest Borgnine
30%
Cool Hand LukeGeorge Kennedy
30%
1962Judgement at NurembergMaximilian Schell
30%
JuliaVanessa Redgrave
30%
The Fortune CookieWalter Matthau
30%
Going my wayBarry Fitzgerald
28%
1929The Last CommandEmil Jannings
28%
The Way of All FleshEmil Jannings
28%
The Trip to BountifulGeraldine Page
28%
HudPatricia Neal
28%
CODATroy Kotsur
28%
1945Going my wayBing Crosby
27%
My Left FootBrenda Fricker
27%
1950All the Kings MenBroderick Crawford
27%
It Happened One NightClaudette Colbert
27%
Hannah and Her SistersDianne Wiest
27%
Bullets over BroadwayDianne Wiest
27%
Cactus FlowerGoldie Hawn
27%
Mildred PierceJoan Crawford
27%
1968In the Heat of the NightRod Steiger
27%
Two womenSophia Loren
27%
1975Harry and TontoArt Carney
25%
1959Separate TablesDavid Niven
25%
The Best Years of Our LivesHarold Russell
25%
1966Cat BallouLee Marvin
25%
PollockMarcia Gay Harden
25%
1944Watch on the RhinePaul Lukas
25%
West Side StoryRita Moreno
25%
Who's Afraid of Virginia Woolf?Sandy Dennis
25%
JuliaJason Robards
24%
All the Presidents MenJason Robards
24%
The Three Faces of EveJoanne Woodward
24%
DarlingJulie Christie
24%
Children of a Lesser GodMarlee Matlin
24%
1967A Man for all SeasonsPaul Scofield
24%
They Shoot Horses, Don't They?Gig Young
22%
Mrs MiniverGreer Garson
22%
Seventh Heaven, Street Angel, SunriseJanet Gaynor
22%
ArthurJohn Gielgud
22%
The Farmer's DaughterLoretta Young
22%
The Fisher KingMercedes Ruehl
22%
Rosemary's BabyRuth Gordon
22%
1954Stalag 17William Holden
22%
Razor's EdgeAnne Baxter
21%
The More in the MerrierCharles Coburn
21%
1934The Private Life of Henry VIIICharles Laughton
21%
1931DisraeliGeorge Arliss
21%
Gone with the WindHattie McDaniel
21%
AirportHelen Hayes
21%
The Sin of Madelon ClaudetHelen Hayes
21%
AfflictionJames Coburn
21%
TopkapiPeter Ustinov
21%
SpartacusPeter Ustinov
21%
1930In Old ArizonaWarner Baxter
21%
1969CharlyCliff Robertson
19%
The Sunshine BoysGeorge Burns
19%
All About EveGeorge Sanders
19%
SuspicionJoan Fontaine
19%
1951Cyrano De BergeracJose Ferrer
19%
An Officer and a GentlemenLouis Gossett Jr.
19%
The Great ZiegfeldLuise Rainer
19%
The Good EarthLuise Rainer
19%
The DivorceeNorma Shearer
19%
1940Goodbye, Mr ChipsRobert Donat
19%
I Want to Live!Susan Hayward
19%
NetworkBeatrice Straight
18%
Kitty FoyleGinger Rogers
18%
Ben-HurHugh Griffith
18%
Born YesterdayJudy Holliday
18%
Min and BillMarie Dressler
18%
CoquetteMary Pickford
18%
1937The Story of Louis PasteurPaul Muni
18%
Ordinary PeopleTimothy Hutton
18%
Bonnie and ClydeEstelle Parsons
16%
West Side StoryGeorge Chakiris
16%
The Subject was RosesJack Albertson
16%
Johnny BelindaJane Wyman
16%
CabaretJoel Grey
16%
RedsMaureen Stapleton
16%
The Miracle WorkerPatty Duke
16%
1946The Lost WeekendRay Milland
16%
A Patch of BlueShelley Winters
16%
The Diary of Anne FrankShelley Winters
16%
Room at the topSimone Signoret
16%
1933The ChampWallace Beery
16%
KentuckyWalter Brennan
16%
Come and Get ItWalter Brennan
16%
The WesternerWalter Brennan
16%
CocoonDon Ameche
15%
Miracle on 34th StreetEdmund Gwenn
15%
On the WaterfrontEva Marie Saint
15%
Dr. Jekyll and Mr HydeFredric March
15%
1947The Best Years of our LivesFredric March
15%
The Killing FieldsHaing S. Ngor
15%
The Paper ChaseJohn Houseman
15%
A Streetcar Named DesireKarl Malden
15%
The V.I.P.sMargaret Rutherford
15%
All the Kings MenMercedes McCambridge
15%
Mrs MiniverTeresa Wright
15%
StagecoachThomas Mitchell
15%
The Rose TattooAnna Magnani
13%
The Last Picture ShowCloris Leachman
13%
Sweet Bird of YouthEd Begley
13%
The Barefoot ContessaEdmond O'Brien
13%
Butterflies are freeEileen Heckart
13%
A Tree Grows in BrooklynJames Dunn
13%
Ryan's DaughterJohn Mills
13%
Melvin and HowardMary Steenburgen
13%
A Passage to IndiaPeggy Ashcroft
13%
Come back, Little ShebaShirley Booth
13%
1936The InformerVictor McLaglen
13%
The Big CountryBurl Ives
12%
Gentlemen's AgreementCeleste Holm
12%
Twelve O'Clock highDean Jagger
12%
From Here to EternityDonna Reed
12%
JezebelFay Bainter
12%
Zorba the GreekLila Kedrova
12%
A Thousand ClownsMartin Balsam
12%
SayonaraMiyoshi Umeki
12%
SayonaraRed Buttons
12%
In Old ChicagoAlice Brady
10%
Key LargoClaire Trevor
10%
How Green was my ValleyDonald Crisp
10%
Written on the windDorothy Malone
10%
Anthony AdverseGale Sondergaard
10%
The Bad and the BeautifulGloria Grahame
10%
The Grapes of WrathJane Darwell
10%
HarveyJosephine Hull
10%
For Whom the Bell TollsKatina Paxinou
10%
The Great LieMary Astor
10%
Johnny EagerVan Heflin
10%
Separate TablesWendy Hiller
10%
National VelvetAnne Revere
9%
The Life of Emile ZolaJoseph Schildkraut
9%
East of edenJo Van Fleet
9%

Score Distribution

Percentile by Number Answered

Percent of People with Each Score

Your Score History

You have not taken this quiz since the last reset